000 00267nam a22001097a 4500
999 _c529603
_d529603
020 _a0071147357
082 _a658.8
100 _aMichael J. Etzel
245 _aMarketing
_cMichael J. Etzel
942 _2ddc
_cBK